| 000 | 00546nam a22001937a 4500 | ||
|---|---|---|---|
| 003 | CEME | ||
| 005 | 20210628202008.0 | ||
| 008 | 210222b xxu||||| |||| 00| 0 eng d | ||
| 020 | _a0-7637-1843-2 | ||
| 040 | _c. | ||
| 082 | _a004.01511 HEI | ||
| 100 |
_aHein, James L _936549 |
||
| 245 | _aDiscrete structures, logic, and computability | ||
| 250 | _a2ND | ||
| 260 |
_aBOSTON _bJONES AND BARTLETT PUBLISHER _c2002 |
||
| 300 | _aXVI,944P | ||
| 650 |
_aCOMPUTER SCIENCE-MATHEMATICS DISCRETE LOGIC AND COMPUTABILITY _957779 |
||
| 942 |
_cBK _2ddc |
||
| 999 |
_c568035 _d568035 |
||